The imagist poets (Record no. 38443)
[ view plain ]
| 000 -LEADER | |
|---|---|
| fixed length control field | 01440nam a2200385Ia 4500 |
| 082 04 - DEWEY DECIMAL CLASSIFICATION NUMBER | |
| Classification number | 821.912 |
| 100 1# - MAIN ENTRY--AUTHOR NAME | |
| Personal name | Thacker, Andrew, |
| 245 14 - TITLE STATEMENT | |
| Title | The imagist poets |
| 260 ## - PUBLICATION, DISTRIBUTION, ETC. (IMPRINT) | |
| Place of publication | Tavistock, Devon, U.K. : |
| Name of publisher | Northcote : |
| -- | British Council, |
| Year of publication | c2011. |
| 300 ## - PHYSICAL DESCRIPTION | |
| Number of Pages | xiii, 134 p. |
| 490 1# - SERIES STATEMENT | |
| Series statement | Writers and their work |
| 650 #0 - SUBJECT ADDED ENTRY--TOPICAL TERM | |
| Topical Term | Imagist poetry |
| Topical Term | Poets, English |
| 856 40 - ELECTRONIC LOCATION AND ACCESS | |
| Uniform Resource Identifier | http://site.ebrary.com/lib/rucke/Doc?id=10723916 |
No items available.
